[Event "Clark Harmon Memorial"]
[Site "Chess.com INT"]
[Date "2020.04.04"]
[Round "?"]
[White "Mahajan, Rushaan"]
[Black "Qian, Daniel"]
[Result "1-0"]
[WhiteElo "2179"]
[BlackElo "1886"]
[PlyCount "66"]
[EventDate "2020.04.04"]
[EventType "swiss"]
[EventRounds "6"]
[EventCountry "USA"]
[SourceTitle "EXT 2024"]
[Source "ChessBase"]
[SourceDate "2023.10.10"]
[SourceVersion "1"]
[SourceVersionDate "2023.10.10"]
[SourceQuality "1"]

1. Nf3 d5 2. g3 Nf6 3. Bg2 c6 4. 0-0 Nbd7 5. d4 e6 6. c4 Bd6 7. b3 0-0 8. Bb2 Re8 9. Nbd2 e5 10. cxd5 Nxd5 11. Nc4 Bc7 12. Nfxe5 Nxe5 13. Nxe5 Bxe5 14. dxe5 Be6 15. Qd4 Nc7 16. Qb4 Qc8 17. Rad1 a5 18. Qh4 a4 19. bxa4 Bxa2 20. Be4 g6 21. Bc2 Qe6 22. Rd4 Bb3 23. Bxb3 Qxb3 24. Rb4 Qe6 25. Rxb7 Reb8 26. Qb4 Qc8 27. Rxb8 Qxb8 28. Qc3 Ne6 29. Qxc6 Ra5 30. Ba1 Qb3 31. Qf3 Qxa4 32. Bc3 Rc5 33. Ra1 Rc4 1-0

[Event "Clark Harmon Memorial"]
[Site "Chess.com INT"]
[Date "2020.04.04"]
[Round "?"]
[White "Qian, Daniel"]
[Black "Szeto, Sophie"]
[Result "0-1"]
[WhiteElo "1886"]
[BlackElo "1496"]
[PlyCount "54"]
[EventDate "2020.04.04"]
[EventType "swiss"]
[EventRounds "6"]
[EventCountry "USA"]
[SourceTitle "EXT 2024"]
[Source "ChessBase"]
[SourceDate "2023.10.10"]
[SourceVersion "1"]
[SourceVersionDate "2023.10.10"]
[SourceQuality "1"]

1. d4 d5 2. c4 e6 3. Nc3 Nf6 4. cxd5 exd5 5. Bg5 Be7 6. e3 h6 7. Bf4 0-0 8. Bd3 Nbd7 9. h3 b6 10. Nf3 Bb7 11. Qc2 c5 12. g4 Rc8 13. Rg1 Ne4 14. Bxe4 dxe4 15. Ne5 cxd4 16. exd4 Nf6 17. Qd2 Bb4 18. g5 e3 19. fxe3 Ne4 20. Qd3 Nxc3 21. a3 Be4 22. Qf1 Nb1+ 23. Kd1 Qc7 24. Qc4 Qxc4 25. Nxc4 Rxc4 26. axb4 Rfc8 27. Re1 Bf3+ 0-1

[Event "PNWCC Online blitz JP 2nd"]
[Site "Chess.com INT"]
[Date "2020.03.21"]
[Round "2"]
[White "Qian, Daniel"]
[Black "Liang, Jason"]
[Result "0-1"]
[WhiteElo "1651"]
[BlackElo "2288"]
[PlyCount "76"]
[EventDate "2020.03.21"]
[EventType "swiss (blitz)"]
[EventRounds "11"]
[EventCountry "USA"]
[SourceTitle "CBM 195 Extra"]
[Source "ChessBase"]
[SourceDate "2020.05.31"]
[SourceVersion "1"]
[SourceVersionDate "2020.05.31"]
[SourceQuality "1"]

1. d4 d5 2. c4 e6 3. Nc3 Nf6 4. cxd5 exd5 5. Bg5 c6 6. Qc2 Bd6 7. e3 0-0 8. Bd3 h6 9. Bh4 Re8 10. Nge2 a5 11. h3 Na6 12. a3 Nc7 13. g4 Ne6 14. Bg3 Ng5 15. 0-0-0 Nge4 16. Bxd6 Qxd6 17. Nf4 b5 18. Nxe4 dxe4 19. Be2 a4 20. Qc3 g5 21. Ng2 Be6 22. f3 Qg3 23. Ne1 Bb3 24. Rd2 Nd5 25. Qc5 exf3 26. Nxf3 Rxe3 27. Qxc6 Rae8 28. Ne5 Re6 29. Qc8+ Kg7 30. Rf1 Nf4 31. Qd7 R6xe5 32. dxe5 Nxe2+ 33. Kb1 Qxe5 34. Qd6 Qe4+ 35. Ka1 Nf4 36. Qd4+ Qxd4 37. Rxd4 Bc4 38. h4 Bxf1 0-1

[Event "PNWCC Online blitz JP 2nd"]
[Site "Chess.com INT"]
[Date "2020.03.21"]
[Round "11"]
[White "Qian, Daniel"]
[Black "Liu, Eric"]
[Result "0-1"]
[WhiteElo "1651"]
[BlackElo "1532"]
[PlyCount "70"]
[EventDate "2020.03.21"]
[EventType "swiss (blitz)"]
[EventRounds "11"]
[EventCountry "USA"]
[SourceTitle "CBM 195 Extra"]
[Source "ChessBase"]
[SourceDate "2020.05.31"]
[SourceVersion "1"]
[SourceVersionDate "2020.05.31"]
[SourceQuality "1"]

1. d4 e6 2. Nf3 f5 3. c4 Nf6 4. Nc3 d5 5. Bf4 c6 6. e3 Bd6 7. Bd3 Bxf4 8. exf4 0-0 9. 0-0 Nbd7 10. Re1 Ne4 11. Ne5 Ndf6 12. f3 Nxc3 13. bxc3 Nh5 14. g3 Bd7 15. Qb3 Rb8 16. cxd5 exd5 17. Rab1 g6 18. Qa3 a6 19. Qd6 Nf6 20. Rb2 Qc8 21. Reb1 b5 22. a4 Rb7 23. axb5 axb5 24. Ra1 Qb8 25. Qc5 Qc7 26. Rba2 Rc8 27. Ra7 Rcb8 28. Bxb5 Rxa7 29. Rxa7 Qd8 30. Bxc6 Rb1+ 31. Kg2 Rb2+ 32. Kh3 Bxc6 33. Qxc6 Qf8 34. Qe6+ Kh8 35. Rf7 Qh6# 0-1